Statistics for NFL - Active Career Passing Yards Leaders

Click here to take the quiz!

General Stats

  • This quiz has been taken 77 times
  • The average score is 17 of 25

Answer Stats

RankPassing YardsAnswer% Correct
187,325Tom Brady
98%
1321,927Patrick Mahomes
95%
357,902Aaron Rodgers
92%
452,082Matthew Stafford
87%
262,178Matt Ryan
87%
639,039Russell Wilson
87%
1123,858Jared Goff
85%
834,949Kirk Cousins
85%
1521,840Jameis Winston
78%
933,828Derek Carr
75%
1421,863Carson Wentz
73%
1815,438Baker Mayfield
72%
1222,939Dak Prescott
72%
2413,783Jimmy Garoppolo
72%
1717,044Josh Allen
72%
1032,414Ryan Tannehill
70%
2513,648Kyler Murray
68%
542,170Joe Flacco
63%
737,098Andy Dalton
62%
2214,539DeShaun Watson
62%
1915,315Marcus Mariota
57%
2314,003Nick Foles
50%
2014,959Teddy Bridgewater
38%
2114,884Case Keenum
23%
1617,649Blake Bortles
5%

Score Distribution

Percentile by Number Answered

Percent of People with Each Score

Your Score History

You have not taken this quiz